Leader xxxxxxxxxx
001 __ PCLIS00055503
005 __ 20210721105201.0
010 0_ |a4710589642053|b平裝附光碟|dNT$200
010 0_ |a957-667-664-9|b平裝
100 __ |a20210721d2001 m y0chiy09 e
101 0_ |achi
102 __ |atw
105 __ |ao z 000ay
200 1_ |a我們不結婚,好嗎|f藤井樹著
205 __ |a初版
210 __ |a臺北市|c商周出版|c家傳媒城邦分公司發行|c聯合發行總經銷|d2001(民90)
215 0_ |a227面|d21公分|e1 CD
225 1_ |a網路小說|dNovel@Net|v7
304 __ |a著者本名吳子雲
517 1_ |a我們不結婚,好嗎
681 __ |a857.7|b8453|v增訂七版
700 _1 |a藤井|b樹|4著|3NO000358166
801 _0 |acw|bCIP|c20000612|gCCR
801 _1 |acw|bCIP|c20000612|gCCR
801 _2 |acw|b中圖|c20001228|gCCR
801 _1 |atw|b內湖高中|c20210721|gCCR
801 _2 |atw|b內湖高中|c20210721|gCCR
|